| 000 | 01093cam a22002774a 4500 | ||
|---|---|---|---|
| 001 | 58946 | ||
| 003 | BD-RjUL | ||
| 005 | 20211209080656.0 | ||
| 008 | 161220s2009 tz a b 100 0 eng c | ||
| 020 | _a9987686478 | ||
| 035 | _a(BD-RjUL)59070 | ||
| 040 |
_aCSt _cSTF _beng _dBD-RjUL |
||
| 041 | _aeng | ||
| 082 |
_223 _a658.1592 _bENh 2006 |
||
| 111 | 2 |
_aInternational Conference on African Entrepreneurship and Small Business Development _n(5th : _d2001 : _cDar es Salaam, Tanzania) _9175283 |
|
| 245 | 1 | 0 |
_aEnhancing Africa's competitiveness through small and medium scale enterprises / _cedited by Francis A.S.T. Matambalya and Mussa J. Assad. |
| 260 |
_aDar es Salaam : _bMkuki na Nyota Publishers, _cc2002. |
||
| 300 |
_avi, 247 p. : _bill. ; _c21 cm. |
||
| 650 | 0 |
_aSmall business _9175284 |
|
| 650 | 0 |
_aEntrepreneurship _zAfrica _vCongresses. _9175285 |
|
| 700 | 1 |
_aMatambalya, Francis A. S. T. _9175286 |
|
| 700 | 1 |
_aAssad, Mussa J. _9175287 |
|
| 710 | 2 |
_aChuo Kikuu cha Dar es Salaam. _bFaculty of Commerce and Management. _9175288 |
|
| 942 |
_2ddc _cBK |
||
| 999 |
_c58946 _d58946 |
||